| 000 | 00560nam a2200181 4500 | ||
|---|---|---|---|
| 001 | 126598 | ||
| 003 | ES-MaACL | ||
| 005 | 20250820121618.0 | ||
| 007 | t| | ||
| 008 | 070214s1957 sp r ||||1| spa d | ||
| 100 | 1 |
_aRequena, Fermín. _996291 |
|
| 245 | 1 | 0 |
_aMadina Raya / _cFermín Requena ; prólogo de José Díaz de Villegas. |
| 260 |
_aAntequera : _b[s. n.], _c1957 ( _fGráf. San Rafael) |
||
| 300 |
_a119 p. ; _c19 cm. |
||
| 700 | 1 |
_aDíaz de Villegas, José, _d1894-1968 _944253 |
|
| 852 |
_aES-MaACL _jC-12528 _bR.40293 |
||
| 999 |
_c126598 _d126598 |
||